<?xml version="1.0" encoding="UTF-8"?>
<record
    xmlns:xsi="http://www.w3.org/2001/XMLSchema-instance"
    xsi:schemaLocation="http://www.loc.gov/MARC21/slim http://www.loc.gov/standards/marcxml/schema/MARC21slim.xsd"
    xmlns="http://www.loc.gov/MARC21/slim">

  <leader>00225nam a2200085   4500</leader>
  <controlfield tag="001">1300963</controlfield>
  <controlfield tag="005">20260420125133.0</controlfield>
  <datafield tag="245" ind1=" " ind2=" ">
    <subfield code="a">GEN&#xC7;LER &#x130;&#xC7;&#x130;N PEYGAMBER&#x130;M&#x130;Z&#x130;N (A.S.M.) HAYATI</subfield>
    <subfield code="c">MEHMET D&#x130;KMEN</subfield>
  </datafield>
  <datafield tag="260" ind1=" " ind2=" ">
    <subfield code="b">NES&#x130;L YAYINEV&#x130;</subfield>
  </datafield>
  <datafield tag="999" ind1=" " ind2=" ">
    <subfield code="c">1300963</subfield>
    <subfield code="d">1300963</subfield>
  </datafield>
  <datafield tag="952" ind1=" " ind2=" ">
    <subfield code="0">0</subfield>
    <subfield code="1">0</subfield>
    <subfield code="2">ddc</subfield>
    <subfield code="4">0</subfield>
    <subfield code="7">0</subfield>
    <subfield code="a">1054</subfield>
    <subfield code="b">1054</subfield>
    <subfield code="d">2026-04-20</subfield>
    <subfield code="l">0</subfield>
    <subfield code="o">P2</subfield>
    <subfield code="p">10545650</subfield>
    <subfield code="r">2026-04-20 12:52:36</subfield>
    <subfield code="w">2026-04-20</subfield>
    <subfield code="y">BK</subfield>
  </datafield>
</record>
